<?xml version="1.0" encoding="UTF-8"?>
<record
    xmlns:xsi="http://www.w3.org/2001/XMLSchema-instance"
    xsi:schemaLocation="http://www.loc.gov/MARC21/slim http://www.loc.gov/standards/marcxml/schema/MARC21slim.xsd"
    xmlns="http://www.loc.gov/MARC21/slim">

  <leader>00435nam a2200133   4500</leader>
  <controlfield tag="005">20260520112435.0</controlfield>
  <datafield tag="020" ind1=" " ind2=" ">
    <subfield code="a">9789364873635</subfield>
  </datafield>
  <datafield tag="082" ind1=" " ind2=" ">
    <subfield code="a">894.812 8 NIB.V</subfield>
  </datafield>
  <datafield tag="100" ind1=" " ind2=" ">
    <subfield code="a">Nibulal Vettoor </subfield>
    <subfield code="9">14790</subfield>
  </datafield>
  <datafield tag="245" ind1=" " ind2=" ">
    <subfield code="a">Vinimayamalayalavum sargathmaka rachanayum ( &#xD35;&#xD3F;&#xD28;&#xD3F;&#xD2E;&#xD2F;&#xD2E;&#xD32;&#xD2F;&#xD3E;&#xD33;&#xD35;&#xD41;&#xD02; &#xD38;&#xD7C;&#xD17;&#xD4D;&#xD17;&#xD3E;&#xD24;&#xD4D;&#xD2E;&#xD15; &#xD30;&#xD1A;&#xD28;&#xD2F;&#xD41;&#xD02;)</subfield>
  </datafield>
  <datafield tag="260" ind1=" " ind2=" ">
    <subfield code="a">Kottayam :</subfield>
    <subfield code="b">DC books,</subfield>
    <subfield code="c">c2025</subfield>
  </datafield>
  <datafield tag="300" ind1=" " ind2=" ">
    <subfield code="a">158p. </subfield>
  </datafield>
  <datafield tag="942" ind1=" " ind2=" ">
    <subfield code="2">ddc</subfield>
    <subfield code="c">BK</subfield>
  </datafield>
  <datafield tag="999" ind1=" " ind2=" ">
    <subfield code="c">759656</subfield>
    <subfield code="d">759656</subfield>
  </datafield>
  <datafield tag="952" ind1=" " ind2=" ">
    <subfield code="0">0</subfield>
    <subfield code="1">0</subfield>
    <subfield code="2">ddc</subfield>
    <subfield code="4">0</subfield>
    <subfield code="7">0</subfield>
    <subfield code="8">NFIC</subfield>
    <subfield code="a">CAMPUS</subfield>
    <subfield code="b">CAMPUS</subfield>
    <subfield code="c">GEN</subfield>
    <subfield code="d">2026-05-20</subfield>
    <subfield code="l">0</subfield>
    <subfield code="o">894.812 8 NIB.V</subfield>
    <subfield code="p">UCL35164</subfield>
    <subfield code="r">2026-05-20 11:25:35</subfield>
    <subfield code="w">2026-05-20</subfield>
    <subfield code="y">BK</subfield>
  </datafield>
</record>
